000 00947cam a22002897a 4500
003 CHAP
005 20220817041559.0
008 971013s r 00010 d
010 _a18612
011 _a19584
035 _a23669
040 _cCHAP
082 _a338.1
_bA55
100 0 0 _aAlmada Breach, Hugo.
_94467
245 0 _aEconomía agrícola
260 _a(Cd. Juárez) :
_bEscuela Superior de Agricultura Hermanos Escobar,
_c[1961]
300 _a177 p
500 _aEncuadernado con: Rangel Andazola, Adalberto. La propiedad en el derecho agrario mexicano
590 _aBATCH-UPD
_b10
_c20130110
_lUCH01
_h1929
590 _aBATCH-UPD
_b10
_c20130410
_lUCH01
_h1253
590 _aBATCH-UPD
_b10
_c20130914
_lUCH01
_h2133
590 _aCONVERSION
_b10
_c20130109
_lUCH01
_h1311
650 1 4 _aAgricultura
_xAspectos económicos.
901 _aBK
942 _cLIBRO
949 _a338.1 A55
_bBC
_cLIBRO
_d33724000704169
_eLIBRO
_h5112
_i23669
_si
999 _c18612
_d18612